Holiday Quiz

Random Holiday or Christmas Quiz
Score 0/12 Timer 02:00
0 Plays Today
% Correct
Santa Claus
94.9%
Rudolph
94.8%
Sam the Snowman
94.7%
Mrs. Claus
93.2%
the Abominable Snow Monster
92.1%
King Moonracer
91%
Comet the Coach
88.8%
Yukon Cornelius
88%
Hermey
86%
Clarice
82.4%
Fireball
78.3%
Donner
76.5%
Remove Ads.
Support Sporcle.
Get the best of Sporcle when you Go Orange. This ad-free experience offers more features, more stats, and more fun while also helping to support Sporcle. Thank you for becoming a member.

You're not logged in!

Compare scores with friends on all Sporcle quizzes.
OR
Log In

Show Comments

Extras

Top Quizzes Today


Score Distribution

Your Account Isn't Verified!

In order to create a playlist on Sporcle, you need to verify the email address you used during registration. Go to your Sporcle Settings to finish the process.

Report this User

Report this user for behavior that violates our Community Guidelines.

Details: